| 000 | 00814 a2200193 4500 | ||
|---|---|---|---|
| 003 | NUST | ||
| 005 | 20251218131054.0 | ||
| 040 | _cNust | ||
| 082 | _a621.382,RAM | ||
| 100 |
_aRamzan, Naveed (TCC-22) _9132429 |
||
| 245 |
_aInserting the cells of battery of Battery using Robotic ARM / _cNC Naveed Ramzan, NC Sheheryar, NC Hafiz Muhammad Usman and PC Moin-ul-Haq TCC-22 |
||
| 260 |
_aRawalpindi _bMCS (NUST) _cJune 2014 |
||
| 300 | _a64 p.; | ||
| 505 | _aIntroduction (Page-2), Literature Review (Page-6), Design and Development (Page-14), Project Development (Page-30), Recommendation for Future Work (Page-37), Conclusion (Page-39), Bibliography (Page-41). | ||
| 650 |
_aUG Project _9131132 |
||
| 651 |
_aTCC-22 _9131223 |
||
| 700 |
_aSupervised by Asst Prof Imtiaz Ahmed Khokhar _9132430 |
||
| 942 |
_cPR _2ddc |
||
| 999 |
_c212131 _d212131 |
||